000 00471nam a22001577a 4500
005 20240307102429.0
008 240307b |||||||| |||| 00| 0 eng d
041 _aAfrikaans / English
082 _a349 TYD
100 _lAfrikaans / English
245 _aTydskrif vir die Suid-Afrikaanse Reg
260 _aKaapstad :
_bJuta en Kie Bpk,
_c1981
300 _b96 pages ;
_c25,5 cm.
650 _aLegal practice
_bLaw
942 _cCR
_6ALISON_BN_VRIES
999 _c1416
_d1416